Central Library OPAC University of Rajshahi

The city / (Record no. 57441)

MARC details
000 -LEADER
fixed length control field 00889nam a2200289 a 4500
001 - CONTROL NUMBER
control field 57441
003 - CONTROL NUMBER IDENTIFIER
rucl marc code BD-RjUL
005 - DATE AND TIME OF LATEST TRANSACTION
control field 20211209080520.0
008 - FIXED-LENGTH DATA ELEMENTS--GENERAL INFORMATION
fixed length control field 101216s1958 ilu b 001 0 eng
035 ## - SYSTEM CONTROL NUMBER
System control number (BD-RjUL) 57565
040 ## - CATALOGING SOURCE
Original cataloging agency DLC
Transcribing agency DLC
Modifying agency DLC
-- BD-RjUL
Language of cataloging eng
041 1# - LANGUAGE CODE
Language code of text/sound track or separate title engund
082 00 - DEWEY DECIMAL CLASSIFICATION NUMBER
Classification number 330
Edition number 23
Author mark and year WET 1958
100 1# - MAIN ENTRY--PERSONAL NAME
Personal name Weber, Max
9 (RLIN) 170574
245 14 - TITLE STATEMENT
Title The city /
Statement of responsibility, etc. Max Weber ; Translated and edited by Don Martindale and Gertrud Neuwirth.
260 ## - PUBLICATION, DISTRIBUTION, ETC. (IMPRINT)
Place of publication, distribution, etc. Glencoe, Illinois :
Name of publisher, distributor, etc. Free Press,
Date of publication, distribution, etc. c1958
300 ## - PHYSICAL DESCRIPTION
Pagination 242 p. ;
Size 22 cm.
504 ## - BIBLIOGRAPHY, ETC. NOTE
Bibliography, etc Includes index & bibliography.
650 #0 - SUBJECT ADDED ENTRY--TOPICAL TERM
Topical term or geographic name as entry element Cities and towns.
9 (RLIN) 170575
Topical term or geographic name as entry element Economics
9 (RLIN) 170576
Topical term or geographic name as entry element Comparative law
9 (RLIN) 170577
Topical term or geographic name as entry element Sociological jurisprudence
9 (RLIN) 170578
Topical term or geographic name as entry element Sociology
9 (RLIN) 170250
700 ## - ADDED ENTRY--PERSONAL NAME
Personal name Martindale ,Don
Personal name Neuwirth, Gertrud
942 ## - ADDED ENTRY ELEMENTS (KOHA)
Source of classification or shelving scheme Dewey Decimal Classification
Koha item type Books
Holdings
Lost status Source of classification or shelving scheme Damaged status Not for loan Collection code Permanent Location Current Location Shelving location Date acquired Source of acquisition Cost, normal purchase price Total Checkouts Full call number Date last seen Copy number Koha item type
  Dewey Decimal Classification   Not For Loan Non-fiction Central Library, University of Rajshahi Central Library, University of Rajshahi Reading Room 22/06/1963 Zeitlinger 51.00   330 WET 1958 10/12/2016 C-1 Books